All European Country Names In Dutch - Statistics

General Stats
  • This quiz has been taken 41 times
  • The average score is 47 of 48
Answer Stats
Hint Answer % Correct
Albanië Albania
100%
Andorra Andorra
100%
Belarus / Wit-Rusland Belarus
100%
België Belgium
100%
Bulgarije Bulgaria
100%
Kroatië Croatia
100%
Cyprus Cyprus
100%
Denemarken Denmark
100%
Finland Finland
100%
Frankrijk France
100%
Duitsland Germany
100%
Griekenland Greece
100%
Hongarije Hungary
100%
IJsland Iceland
100%
Ierland Ireland
100%
Italië Italy
100%
Kazachstan Kazakhstan
100%
Kosovo Kosovo
100%
Luxemburg Luxembourg
100%
Malta Malta
100%
Monaco Monaco
100%
Montenegro Montenegro
100%
Noorwegen Norway
100%
Polen Poland
100%
Portugal Portugal
100%
Rusland Russia
100%
San Marino San Marino
100%
Slowakije Slovakia
100%
Slovenië Slovenia
100%
Spanje Spain
100%
Zweden Sweden
100%
Zwitserland Switzerland
100%
Nederland The Netherlands
100%
Oekraïne Ukraine
100%
Verenigd Koninkrijk United Kingdom
100%
Vaticaanstad Vatican City
100%
Oostenrijk Austria
97%
Bosnië en Herzegovina Bosnia and Herzegovina
97%
Letand Latvia
97%
Liechtenstein Liechtenstein
97%
Noord-Macedonië North Macedonia
97%
Roemenië Romania
97%
Turkije Turkey
97%
Estland Estonia
94%
Litouwen Lithuania
94%
Servië Serbia
94%
Tsjechië Czech Republic
91%
Moldavië Moldova
91%
No matching quizzes found
Score Distribution
Percent of People with Each Score
Percentile by Number Answered
Your Score History
You have not taken this quiz